| 000 | 00398nam a22001337a 4500 | ||
|---|---|---|---|
| 005 | 20241120125520.0 | ||
| 008 | 241120b |||||||| |||| 00| 0 eng d | ||
| 110 | _aRepublic of Ghana | ||
| 245 |
_aGhana Deposit Protection Act, 2016 _bACT, 931 _cRepublic of Ghana |
||
| 260 |
_aAccra, Ghana _bGhana Publishing Co. Ltd. _c2016 |
||
| 300 |
_a30 pages _c24 cm |
||
| 650 |
_2Act _xGhana |
||
| 942 |
_2lcc _cBK _n0 |
||
| 999 |
_c1364 _d1364 |
||